| 000 | 00880nam a2200241 a 4500 | ||
|---|---|---|---|
| 001 | 1479 | ||
| 003 | BR-CuiBMT | ||
| 005 | 20231212115921.0 | ||
| 008 | 230816s2015 mgb 000 0 por d | ||
| 020 | _a9788545001157 | ||
| 040 |
_aBR-CuiBMT _cBR-CuiBMT |
||
| 080 |
_a657.63 _x(81) _22007 |
||
| 090 |
_a657.63(81) _bI59n |
||
| 110 | 1 | _aInstituto Rui Barbosa - IRB. | |
| 245 | 1 | 0 |
_aNormas brasileiras de auditoria do setor público (NBASP) : _bnível 1 - princípios brasileiros e pré-requisitos para o funcionamento dos Tribunais de Contas Brasileiros / _cInstituto Rui Barbosa. |
| 260 |
_aBelo Horizonte : _bIRB, _c2015. |
||
| 300 |
_a89 p. ; _c22 cm |
||
| 650 |
_aAuditoria governamental _xNormas _zBrasil |
||
| 650 |
_aControle externo _xAuditoria _zBrasil |
||
| 650 |
_aAuditor _xÉtica profissional _zBrasil |
||
| 650 |
_aTribunal de contas _xNormas _zBrasil |
||
| 942 |
_2udc _cLV |
||
| 999 |
_c1479 _d1479 |
||